Регионална библиотека "Любен Каравелов" - Русе

[Шестдесет] 60 години изкуствознание в БАН (Запис номер 66123)

MARC детайли
000 -Лидер
Контролно поле с фиксирана дължина 02218nam a2200421 c 4500
003 - Код на организацията, давaща контролен номер
Контролно поле BLK
005 - Дата и час на последна редакция
Контролно поле 20180422102816.0
008 - Елементи от данни с фиксирана дължина
fixed length control field 180408b bul|||||r ||||||| ||bul||
010 ## - Наследен системен номер
LC control number KNG00070409000
020 ## - Международен стандартен номер на книга ISBN
Международен стандартен номер на книга ISBN 978-954-8594-20-2
-- издат.: Инст. по изкуствознание БАН
040 ## - Източник на каталожния запис
Идентификатор на билиотеката - собственик на записа BLK
041 ## - Код за език
Код за езика на текст/звукозапис или на отделно заглавие Български
Код за езика КДБФ Български
072 #7 - Код за тематичната категория
Код организация bullib
Код за тематична категория Н70
Текст Изкуства Н
080 ## - УДК
Текстов определител УДК Изкуствознание. Изкуствоведи.
УДК код - определител по УДК 7.072
УДК определител :061.6(497.2)(091)(063)
УДК - код + определител 7.072:061.6(497.2)(091)(063)
080 ## - УДК
Текстов определител УДК Академии
УДК код - определител по УДК 001.32
УДК определител (497.2)(091)(063)
УДК - код + определител 001.32(497.2)(091)(063)
139 ## - Редно поле
Редна дума [Шестдесет] 60 години изкуствознание в БАН
Авторски знак Шес - Ш 58
245 10 - Сведения за заглавието
Заглавие [Шестдесет] 60 години изкуствознание в БАН
Подзаглавни данни Сб. докл., представени на юбил. конф., 11-12 дек. 2008
Редно поле (дума) науч. ред. Клер Соломон Леви; науч. ред. Николай Спасов Бошев.
257 ## - Страна на издаване
Страна на създаване/издаване България
260 ## - Област на издателските данни
-- София
Име на издателя, разпространителя и проч. Инст. по изкуствознание БАН
Година на издаване 2009
Печатница София : Симолини
300 ## - Физическа характеристика
Страници 264 с.
Илюстрации и др. с ил., факс., диагр.
Размери/Мащаб 22 см
380 ## - Жанр
Жанр Изкуство
500 ## - Общи забележки
Забележка Рез. на англ. ез. / прев. Милена Лалова. - Библиогр. след отд. статии.
650 #4 - Допълнително описание по предмет – тема
Основно описание – тема или топоним Българска академия на науките - история
9 (RLIN) 247070
650 #4 - Допълнително описание по предмет – тема
Основно описание – тема или топоним Изкуствознание - България
9 (RLIN) 292802
650 #4 - Допълнително описание по предмет – тема
Основно описание – тема или топоним Българска академия на науките - научноизследователска работа
9 (RLIN) 291510
651 #4 - Допълнително описание по предмет - топоним
Географско понятие България
9 (RLIN) 241624
653 ## - Ключова дума – ненормативна
Ключова дума Българска академия на науките
653 ## - Ключова дума – ненормативна
Ключова дума научноизследователска работа
653 ## - Ключова дума – ненормативна
Ключова дума изкуствознание
659 ## - Тематичен бюлетин
Тематичен бюлетин Н
700 1# - Други автори (авторска отговорност)
Лично име Леви, Клер Соломон
Автороска отговорност (Описва отношението между автора и произведението) науч. ред.
9 (RLIN) 370634
700 1# - Други автори (авторска отговорност)
Лично име Бошев, Николай Спасов
Автороска отговорност (Описва отношението между автора и произведението) науч. ред.
9 (RLIN) 370635
852 ## - Местоположение
Форматна сигнатура Цб 252949
856 4# - Електронен адрес и достъп
Електронен формат pdf - файл
Път до файла /url/
856 4# - Електронен адрес и достъп
Електронен формат pdf - файл
Път до файла /url/
942 ## - АРТИКУЛИ
Вид на библиотечния материал Книги
Скрит в OPAC Не
944 ## - СЪЗДАВАНЕ И РЕДАКЦИЯ на ЗАПИСА
Създаване/Редакция Създаване
Дата на регистрацията/редакция 21.09.2011
Статус, дата на статуса ф /
Служител, извършил регистрацията/редакцията Милена_Ачева
944 ## - СЪЗДАВАНЕ И РЕДАКЦИЯ на ЗАПИСА
Създаване/Редакция Редакция
Дата на регистрацията/редакция 06.04.2016
Статус, дата на статуса ф /
Служител, извършил регистрацията/редакцията Людмила_Стоянова
999 ## - СИСТЕМНИ КОНТРОЛНИ НОМЕРА
Koha biblionumber 66123
Koha biblioitemnumber 66123
Наличности
Код за отписване Код за изгубен артикул Източник на класификационната схема Код за повреда Коз за рестрикции Код за отдаване Артикулен № Име на библиотеката - собственик Име на библиотеката, в която се намира в момента Статус (Текущо местоположение) Дата на вписване в системата Местоположение - отдел Цена в лева Инвентарен номер Систематично азбучна сигнатура Баркод Номер на екземпляра Цена в евро Служебна бележка Служебен тип на артикула
  Не е изгубен Universal Decimal Classification Не е повреден само за читалня ползва се в читалня 109373 Регионална библиотека "Любен Каравелов" Русе Регионална библиотека "Любен Каравелов" Русе Хранилище 2011-09-15 Хранилище 9.00 120000753175 Цб 252949 120000753175 1 4.60 Дост: Dp Вид: Д N: 8 Дата: 21.02.2011 Книги
Изтеглен Не е изгубен Universal Decimal Classification Не е повреден без рестрикции заемане за дома 109374 Регионална библиотека "Любен Каравелов" Русе Регионална библиотека "Любен Каравелов" Русе Отдел Изкуство - подръчен фонд 2016-02-24 Отдел Изкуство - подръчен фонд 9.00 120000798257 7/Ш 58 120000798257 2 4.60 Дост: DA Вид: А N: 7 Дата: 24.02.2016 Книги
  Не е изгубен Universal Decimal Classification Не е повреден без рестрикции заемане за дома 109375 Регионална библиотека "Любен Каравелов" Русе Регионална библиотека "Любен Каравелов" Русе Отдел Изкуство - подръчен фонд 2016-03-31 Отдел Изкуство - подръчен фонд 9.00 120000799227 7/Ш 58 120000799227 3 4.60 Дост: DA Вид: А N: 15 Дата: 31.03.2016 Книги
Vip Innovations Ltd, Rousse, Bulgaria 2025